000 01032nac a22003377a 4500
001 BR0504226
003 BR-BrBNA
005 20240105123208.0
008 230509b bl.|||m| |||| 00| 0 por d
040 _aBR-BrBNA
_bpor
_cBiblioteca Nacional de Agricultura
072 _aH20
090 _a3210 BR0504226
100 1 _aPoltronieri, L.S.
100 1 _aTrindade, D.R.
100 1 _aAlbuquerque, F.C. de
100 1 _aDuarte, M. de L.R.
110 1 _aEMBRAPA Amazônia Oriental, Belém, PA (Brasil)
245 1 _aIdentificação e controle de rubelose em mogno-africano no Estado do Pará
260 3 _aBelém, PA (Brasil):
_c2002.
300 _a2 p.
490 _aComunicado Técnico - EMBRAPA Amazônia Oriental (Brazil)
_vno. 68
_xISSN 1517-2244
500 _a6 ref.
650 _aMOGNO
650 _aÁRVORE ANGIOSPERMA
650 _aRUBELOSE
650 _aDOENÇA DE PLANTA
650 _aCONTROLE QUÍMICO
650 _aPARÁ
909 _a202312
_bLúcia Elande
_c55
_dLúcia Elande
942 _2AGRIS
_n0
_cMS
999 _c294388
_d294388